Drugie największe miasto każdego województwa na mapie - Statystyki

Ogólne statystyki
  • Ten quiz został rozwiązany 91 razy
  • Średni wynik to 14 z 16
Odpowiedzi na mapie
Odpowiedzi zakodowano w zielono-czerwonej skali na mapie do tego quizu, zgodnie z poniższymi procentami.
 
Statystyki odpowiedzi
Województwo Miasto Populacja % Poprawnych
Pomorskie Gdynia 240k
99%
Kujawsko-Pomorskie Toruń 195k
98%
Mazowieckie Radom 200k
95%
Podlaskie Suwałki 70k
93%
Warmińsko-Mazurskie Elbląg 110k
92%
Lubuskie Gorzów Wielkopolski 115k
92%
Zachodniopomorskie Koszalin 105k
91%
Śląskie Częstochowa 205k
88%
Lubelskie Zamość 60k
88%
Dolnośląskie Wałbrzych 100k
86%
Małopolskie Tarnów 105k
84%
Wielkopolska Kalisz 90k
83%
Łódzkie Piotrków Trybunalski 60k
82%
Opolskie Kędzierzyn-Koźle 55k
76%
Podkarpackie Mielec 55k
75%
Świętokrzyskie Ostrowiec Świętokrzyski 60k
67%
Nie znaleziono quizów pasujących do podanych kryteriów
Rozkład punktacji
Procent ludzi z każdym wynikiem
Percentyl według liczby udzielonych odpowiedzi
Twoja historia wyników
Nie rozwiązałeś tego quizu